| 000 | 01613nam a22004097a 4500 | ||
|---|---|---|---|
| 003 | CHAP | ||
| 005 | 20220329134635.0 | ||
| 008 | 971013s1968 mx r 00010 spa d | ||
| 010 | _a23473 | ||
| 011 | _a24445 | ||
| 035 | _a28544 | ||
| 040 | _cCHAP | ||
| 082 |
_a338.10972 _bB73 |
||
| 100 | 0 | 0 |
_aBrauer Herrera, Oscar. _915091 |
| 245 | 1 | 0 |
_aDiagnóstico de las ciencias agrícolas en México ; cuatro ensayos _c/por Oscar Brauer Herrera |
| 260 |
_aMéxico, D. F. : _bEds. Productividad, _c1968 |
||
| 300 | _a190 p. | ||
| 490 |
_aColección ciencia y tecnología _v; 7 |
||
| 590 |
_aBATCH-UPD _b10 _c20130110 _lUCH01 _h1023 |
||
| 590 |
_aBATCH-UPD _b10 _c20130410 _lUCH01 _h0628 |
||
| 590 |
_aBATCH-UPD _b10 _c20130914 _lUCH01 _h0039 |
||
| 590 |
_aBATCH-UPD _b10 _c20130914 _lUCH01 _h2104 |
||
| 590 |
_aCONVERSION _b10 _c20130109 _lUCH01 _h1314 |
||
| 650 | 1 | 4 |
_aAgricultura _xAspectos economicos _zMexico. _91312 |
| 650 | 1 | 4 |
_aAgricultura _zMéxico. _91932 |
| 650 | 1 | 4 |
_aBosques _xAspectos económicos _xMéxico. _914076 |
| 650 | 1 | 4 |
_aGanadería _xAspectos económicos _xMéxico. _944636 |
| 700 | 0 |
_aAlba M., Jorge de. _93417 |
|
| 700 | 0 |
_aVillaseñor Angeles, Roberto. _9119688 |
|
| 830 | 0 |
_aColección ciencia y tecnología _v; 7 _924735 |
|
| 901 | _aBK | ||
| 942 | _cLIBRO | ||
| 949 |
_a338.10972 B73 _bBC _cLIBRO _d-65801 _eLIBRO _h11924 _i28544 _si |
||
| 949 |
_a338.10972 B73 _bBC _cLIBRO _d-65802 _eLIBRO _fc.2 _h28332 _i28544 _si |
||
| 949 |
_a338.10972 B73 _bBC _cLIBRO _d33724002243439 _eLIBRO _fc.4 _gDonaciØn _h115366 _i28544 _sb |
||
| 949 |
_a338.10972 B73 _bBC _cLIBRO _d33724002247637 _eLIBRO _fc.3 _gDonaciØn _h115033 _i28544 _sb |
||
| 999 |
_c23473 _d23473 |
||